大阪市の行政区 (クリックバージョン) - Statistics

General Stats
  • This quiz has been taken 77 times
  • The average score is 9 of 24
Answers on the Map
Answers color-coded by a green-red scale on the quiz's map according to % correct below.
 
Answer Stats
Answer % Correct
東淀川区
60%
中央区
51%
平野区
49%
此花区
49%
西淀川区
49%
住之江区
44%
福島区
42%
北区
42%
住吉区
42%
淀川区
42%
阿倍野区
40%
港区
40%
東住吉区
38%
天王寺区
38%
生野区
36%
都島区
36%
西区
36%
東成区
33%
鶴見区
33%
西成区
31%
城東区
29%
浪速区
29%
旭区
27%
大正区
24%
No matching quizzes found
Score Distribution
Percent of People with Each Score
Percentile by Number Answered
Your Score History
You have not taken this quiz